| 000 | 00512cam a2200169 a 4500 | ||
|---|---|---|---|
| 999 |
_c7985 _d7985 |
||
| 020 | _a0721689701 | ||
| 050 | 4 |
_aRG951 _b.B87 |
|
| 100 | 1 | _aBurroughs, Arlene. | |
| 245 | 1 | 0 |
_aMaternity nursing : _ban introductory text / _cArlene Burroughs, Gloria Leifer. |
| 250 | _a8th ed. | ||
| 260 |
_aPhiladelphia ; _aToronto : _bW.B. Saunders, _cc2001. |
||
| 300 |
_axiii, 419, [46] p. : _bill. (some col.) ; _c28 cm. |
||
| 500 | _aIncludes tables. | ||
| 650 | 0 | _aMaternity nursing. | |
| 700 | 1 | _aLeifer, Gloria. | |
| 942 | _cBK | ||